| 000 | 02285cam a22004814i 4500 | ||
|---|---|---|---|
| 003 | PE-LiUPU | ||
| 005 | 20250731173318.0 | ||
| 008 | 150625s2005 na r 000 0 spa d | ||
| 020 | _a1414308949 | ||
| 035 | _a(Sirsi) i9781414308944 | ||
| 040 |
_aPE-LiUPU _bspa _cPE-LiUPU _erda |
||
| 049 | _aPRUA | ||
| 082 | 0 | 4 |
_a248.4302 _bS61 _221 |
| 100 | 1 |
_aSmalley, Gary, _eautor. |
|
| 245 | 1 | 3 |
_aEl ADN en las relaciones / _cGary SMalley, Michael Smalley Robert S. Paul. |
| 264 | 1 |
_aIllinois : _bTyndale House Publishers, inc, _c2005. |
|
| 300 |
_a226 páginas ; _c23 centímetros |
||
| 336 |
_atext _2rdacontent |
||
| 337 |
_aunmediated _2rdamedia |
||
| 338 |
_avolume _2rdacarrier |
||
| 505 | 0 | _aUna revolución en las relaciones. -El ADN de las relaciones. -La danza que destruye relaciones. -El poder interior: Asumir tu responsabilidad. -Seguridad: crear un ambiente seguro. -El cuidado personal: mantén la batería cargada. -La comunicación emocional: escuchar con el corazón. -Trabajo en equipo: adoptar una estrategia en la que nadie pierde. -Lo que nosotros podemos modificar. -Tú puedes hacer la diferencia. | |
| 526 | _aSEG42 | ||
| 526 | _aSEG41 | ||
| 526 | _aSEG40 | ||
| 526 | _aSEG39 | ||
| 526 | _aP94 | ||
| 526 | _aP87 | ||
| 526 | _aP86 | ||
| 526 | _aP85 | ||
| 526 | _aP77 | ||
| 526 | _aP76 | ||
| 526 | _aP35 | ||
| 541 | _g001-000224; | ||
| 541 | _g001-0000164; | ||
| 650 | 1 | 4 |
_aRelaciones interpersonales _xCristianismo. |
| 942 |
_2ddc _cBOOK |
||
| 949 |
_a248.4302 S61 _wDEWEY _c1 _i57360 _lCCODEBUL1 _mBUL _p9.00 _r0 _sY _tBOOK _u2015-6-25 _xTEOLOGIA _zUNKNOWN _0COMPRA _o.STAFF. Colección Teología |
||
| 949 |
_a248.4302 S61 _wDEWEY _c2 _i56713 _lCCODEBUL1 _mBUL _p9.00 _r0 _sY _tBOOK _u2015-6-25 _xTEOLOGIA _zUNKNOWN _0COMPRA _o.STAFF. Colección Teología |
||
| 994 |
_aC0 _bPEPRU |
||
| 596 | _a1 | ||
| 999 |
_a248.4302 S61 _wDEWEY _c45865 _i57360 _f2021-11-11 _g5 _lCCODEBUL1 _mBUL _p9.00 _r0 _sY _tBOOK _u2015-6-25 _xTEOLOGIA _PP35 _0COMPRA _o.STAFF. Colección Teología _d45865 |
||
| 999 |
_a248.4302 S61 _wDEWEY _c2 _i56713 _f2021-11-10 _g5 _lCCODEBUL1 _mBUL _p9.00 _r0 _sY _tBOOK _u2015-6-25 _xTEOLOGIA _PP35 _0COMPRA _o.STAFF. Colección Teología |
||
| 980 |
_81 _gALBERTO SANCHEZ Responsable de Automatización |
||